| 000 | 01800nam2a2200253 4500 | ||
|---|---|---|---|
| 001 | RU\NLR\BIBL_A\022686725 | ||
| 005 | 20260408145911.0 | ||
| 035 | _a(NLR Aleph) 022686725 | ||
| 090 |
_a13504042 _c13504042 |
||
| 100 | _a20251212d2025 u y0rusy50 ca | ||
| 101 | 0 | _arus | |
| 102 | _aRU | ||
| 200 | 0 |
_aВып. 22 _e[материалы XXII Национальной научно-практической конференции с международным участием "Пушкин и универсум русского мира", ноябрь 2024 года, город Санкт-Петербург] |
|
| 210 | _d2025 | ||
| 461 | 0 |
_1001RU\NLR\Per\671473 _12001#$aКлюч$eальманах Пушкинского центра аналитических исследований и прогнозирования$fС.-Петерб. гос. аграр. ун-т$vВып. 22 _93072634 _cСанкт-Петербург _d2009 - _fС.-Петерб. гос. аграр. ун-т _nХИМИЗДАТ _oальманах Пушкинского центра аналитических исследований и прогнозирования _tКлюч _x2411-1430 _vВып. 22 |
|
| 600 | 1 |
_aПушкин _bА.С. _f1799 - 1837 _gАлександр Сергеевич _jСъезды, совещания и т.п _91155086 _3RU\NLR\AUTH\66143362 |
|
| 686 | 2 | _aШ5(2=Р)51-4Пушкин.я431 | |
| 711 | 1 | 2 |
_a"Пушкин и универсум русского мира", национальная научно-практическая конференция с международным участием _d22 _f2024 _eСанкт-Петербург _3RU\NLR\AUTH\880636654 _92690532 |
| 852 |
_aNLR _jП22/9038 |
||
| 942 | _cISSUE | ||
| 980 | _aRUSPER | ||
| 980 | _aNB | ||